Science Quiz

Random Science or Animal Quiz

Sequenced Animal Genomes Quiz Stats

Quiz not verified by Sporcle

Challenge
Share
Tweet
Embed
Score 0/48 Timer 06:00
0 Plays Today
Animal Name % Correct
Human
100%
Mouse
92.9%
Cat
85.7%
Dog
85.7%
Rat
78.6%
Cow
71.4%
Gorilla
64.3%
Horse
64.3%
Fruitfly
64.3%
Chicken
50%
Guinea Pig
50%
Elephant
50%
Rabbit
42.9%
Pig
42.9%
Orangutan
42.9%
Alpaca
35.7%
Platypus
35.7%
Shrew
35.7%
Dolphin
35.7%
Giant Panda
35.7%
Squirrel
28.6%
Hedgehog
21.4%
Fugu
21.4%
Xenopus
21.4%
Animal Name % Correct
Zebrafish
21.4%
Armadillo
14.3%
Bushbaby
14.3%
Hyrax
14.3%
Pika
14.3%
Sloth
14.3%
Stickleback
14.3%
Lemur
14.3%
Opossum
14.3%
Anole Lizard
7.1%
C. Elegans
7.1%
C. Intestinalis
7.1%
Kangaroo rat
7.1%
Lesser Hedgehog
7.1%
Macaque
7.1%
Marmoset
7.1%
Medaka
7.1%
Tarsier
7.1%
Tetraodon
7.1%
Megabat
7.1%
Microbat
7.1%
Tree Shrew
7.1%
Wallaby
7.1%
Zebrafinch
7.1%

You're not logged in!

Compare scores with friends on all Sporcle quizzes.
Sign Up with Email
OR
Log In

You Might Also Like...

Show Comments

Extras

Top Quizzes Today


Score Distribution

Your Account Isn't Verified!

In order to create a playlist on Sporcle, you need to verify the email address you used during registration. Go to your Sporcle Settings to finish the process.

Report this User

Report this user for behavior that violates our Community Guidelines.

Details: